Catálogo
 En Linea

fauna marina circalitoral del sur de la península ibérica : (Registro nro. 5234)

Detalles MARC
000 -CABECERA
campo de control de longitud fija 00736nam a2200181 a 4500
001 - NÚMERO DE CONTROL
campo de control 000005434
005 - FECHA Y HORA DE LA ÚLTIMA TRANSACCIÓN
campo de control 20200929151658.0
008 - DATOS DE LONGITUD FIJA--INFORMACIÓN GENERAL
campo de control de longitud fija 090819s1993 sp a 001 spa d
020 ## - NÚMERO INTERNACIONAL ESTÁNDAR DEL LIBRO
Número Internacional Estándar del Libro 8400073800
040 ## - FUENTE DE LA CATALOGACIÓN
Centro catalogador/agencia de origen DO-SdBNP
082 ## - NÚMERO DE LA CLASIFICACIÓN DECIMAL DEWEY
Número de clasificación xxx
Número de documento/Ítem T284f
049 ## - FONDOS LOCALES (OCLC)
Fondos de biblioteca BNPD
245 00 - MENCIÓN DE TÍTULO
Título fauna marina circalitoral del sur de la península ibérica :
Resto del título resultado de la campaña ocenográfica, fauna I. /
Mención de responsabilidad, etc. J. Templado, A. Guerra, J. Bedoya, D. Moreno, J. M. Remon, M. Maldonado, M. A Ramos.
260 ## - PUBLICACIÓN, DISTRIBUCIÓN, ETC.
Lugar de publicación, distribución, etc. Madrid, :
Nombre del editor, distribuidor, etc. Museo Nacional de Ciencia Naturales, Consejo Superior de Investigaciones Científicas,
Fecha de publicación, distribución, etc. 1993.
300 ## - DESCRIPCIÓN FÍSICA
Extensión 135 p. + 46 lamina :
Otras características físicas il ;
Dimensiones 25 cm.
500 ## - NOTA GENERAL
Nota general Incluye referecia bibliográfia
500 ## - NOTA GENERAL
Nota general Incluye tabla de contenido
Existencias
Estado de retiro Estado de pérdida Restricciones de uso No para préstamo Código de colección Localización permanente Ubicación/localización actual Ubicación en estantería Fecha de adquisición Número de inventario Total de préstamos Signatura topográfica completa Código de barras Fecha visto por última vez Precio válido a partir de Tipo de ítem Koha
      Excluido de préstamo Monografías: Libros y Folletos General General En catalogación 19.08.2009 LF1   xxx T284f 5434-10 25.06.2020 25.06.2020 No se presta

Con tecnología Koha